Treatise on analysis
Saved in:
| Main Author: | |
|---|---|
| Format: | Book |
| Language: | English French |
| Published: |
New York :
Academic Press,
1972-1978
|
| Series: | Monographs and textbooks in pure and applied mathematics ;
; 10-II - 10-VI |
| Subjects: | |
| Tags: |
Add Tag
No Tags, Be the first to tag this record!
|
MARC
| LEADER | 00000cam a2200000 i 4500 | ||
|---|---|---|---|
| 001 | 1/60245 | ||
| 008 | 941103m19721978 eng d | ||
| 020 | |a 0-12-215506-8 | ||
| 020 | |a 0-12-215505-X | ||
| 020 | |a 0-12-215504-1 | ||
| 020 | |a 0-12-215502-5 | ||
| 020 | |a 0122155033 | ||
| 035 | |l 10046220 | ||
| 040 | |a GR-MY-UA |b gre |e aacr | ||
| 041 | 1 | |a eng |h fre | |
| 082 | 0 | |a 515. | |
| 100 | 1 | |a Dieudonne, Jean Alexandre |d 1906-. | |
| 245 | 1 | 0 | |a Treatise on analysis / |c J. Dieudonne ; translated by I.G. Macdonald |
| 260 | |a New York : |b Academic Press, |c 1972-1978 | ||
| 300 | |a 2-6 v.; |c 24 cm | ||
| 490 | 1 | |a Pure and applied mathematics: A series of monographs and textbooks |v ; 10-II - 10-VI | |
| 500 | |a Includes various editions of some volumes | ||
| 504 | |a Includes bibliographies and indexes | ||
| 650 | 0 | 0 | |a Mathematical analysis. |
| 830 | 0 | |a Monographs and textbooks in pure and applied mathematics ; |v ; 10-II - 10-VI | |
| 852 | |a INST |b SAMOS |e 19970609 |h 515 DIE |p 005300002031 |q 005300002031 |t BK |y 0 |z v.4 | ||
| 852 | |a INST |b SAMOS |e 19970609 |h 515 DIE |p 005300002032 |q 005300002032 |t BK |y 0 |z v.5 | ||
| 852 | |a INST |b SAMOS |e 19941103 |h 515 DIE |p 005300002033 |q 005300002033 |t BK |y 0 |z v.6 | ||
| 852 | |a INST |b SAMOS |e 19970609 |h 515 DIE |p 005300002035 |q 005300002035 |t BK |y 0 |z v.2 | ||
| 852 | |a INST |b SAMOS |e 19941103 |h 515 DIE |p 005300002036 |q 005300002036 |t BK |y 0 |z v.3 | ||
| 852 | |a INST |b SAMOS |e 19970609 |h 515 DIE |p 005300002031 |q 005300002031 |t BK |v v.4: |y 0 |z v.4 | ||
| 852 | |a INST |b SAMOS |e 19970609 |h 515 DIE |p 005300002032 |q 005300002032 |t BK |v v.5: |y 0 |z v.5 | ||
| 852 | |a INST |b SAMOS |e 19941103 |h 515 DIE |p 005300002033 |q 005300002033 |t BK |v v.6: |y 0 |z v.6 | ||
| 852 | |a INST |b SAMOS |e 19970609 |h 515 DIE |p 005300002035 |q 005300002035 |t BK |v v.2: |y 0 |z v.2 | ||
| 852 | |a INST |b SAMOS |e 19941103 |h 515 DIE |p 005300002036 |q 005300002036 |t BK |v v.3: |y 0 |z v.3 | ||
| 853 | |a INST |b SAMOS |h 515 DIE | ||
| 909 | |a Σ |b 013865 | ||
| 909 | |a Σ |b 013864 | ||
| 909 | |a Σ |b 013862 | ||
| 909 | |a Σ |b 013866 | ||
| 909 | |a Σ |b 013863 | ||